Kommunen im Märkischen Kreis - Statistiken

Allgemein
  • Dieses Quiz wurde 44 mal gespielt
  • Das Durchschnittsergebnis liegt bei 10 aus 15
Antwortstatistiken
Einwohnerzahl Kommune % Korrekt
71.474 Lüdenscheid
93%
91.884 Iserlohn
89%
35.022 Hemer
78%
24.503 Plettenberg
78%
52.229 Menden
74%
16.657 Altena
70%
11.237 Balve
70%
20.063 Meinerzhagen
70%
10.447 Schalksmühle
70%
17.801 Werdohl
70%
16.381 Halver
67%
16.576 Kierspe
59%
6.827 Herscheid
56%
11.654 Neuenrade
56%
6.144 Nachrodt-Wiblingwerde
41%
Keine übereinstimmenden Quizze gefunden
Verteilung der Resultate
Anzahl Personen mit jedem Resultat
Perzentil nach korrekt beantworteten Fragen
Ihre Resultats-Entwicklung
Sie haben dieses Quiz noch nicht gespielt